[Event "Prague Golden Rapid op 17th"]
[Site "Prague"]
[Date "2022.07.09"]
[Round "1"]
[White "Urbanek, Stepan"]
[Black "Veny, Jaume"]
[Result "1-0"]
[WhiteElo "2019"]
[BlackElo "1470"]
[PlyCount "55"]
[EventDate "2022.07.09"]
[EventType "swiss (rapid)"]
[EventRounds "7"]
[EventCountry "CZE"]
[SourceTitle "CBM 209 Extra"]
[Source "ChessBase"]
[SourceDate "2022.09.30"]
[SourceVersion "1"]
[SourceVersionDate "2022.09.30"]
[SourceQuality "1"]

1. d4 f5 2. Nf3 Nf6 3. h3 g6 4. g4 d6 5. Nc3 fxg4 6. hxg4 Bxg4 7. Ng5 Nc6 8. Qd3 Bg7 9. f3 Bd7 10. Rxh7 Bf5 11. Rxh8+ Bxh8 12. e4 Bd7 13. Qc4 e6 14. Nxe6 Bxe6 15. Qxe6+ Qe7 16. Qxe7+ Nxe7 17. Bh3 Nd7 18. Be3 0-0-0 19. 0-0-0 Rf8 20. Bg4 Kd8 21. Bg5 Nf6 22. Be6 Bg7 23. Rh1 Rh8 24. Rxh8+ Bxh8 25. e5 dxe5 26. dxe5 Nd7 27. Nd5 Bxe5 28. Nxe7 1-0

[Event "Prague Golden U20 op 17th"]
[Site "Prague"]
[Date "2022.06.25"]
[Round "2"]
[White "Veny, Jaume"]
[Black "Medvetskyy, Danylo"]
[Result "1-0"]
[WhiteElo "1441"]
[BlackElo "1163"]
[PlyCount "23"]
[EventDate "2022.06.25"]
[EventType "swiss"]
[EventRounds "7"]
[EventCountry "CZE"]
[SourceTitle "EXT 2023"]
[Source "ChessBase"]
[SourceDate "2022.10.05"]
[SourceVersion "1"]
[SourceVersionDate "2022.10.05"]
[SourceQuality "1"]

1. e4 e5 2. Bc4 Nf6 3. d4 Nc6 4. Nf3 Nxd4 5. Nxd4 exd4 6. 0-0 Bc5 7. Bg5 h6 8. Bh4 0-0 9. e5 g5 10. exf6 gxh4 11. Qg4+ Kh8 12. Qg7# 1-0

[Event "Prague Menchik Memorial Rapid"]
[Site "Prague"]
[Date "2021.09.28"]
[Round "4"]
[White "Veny, Jaume"]
[Black "Hollan, Petr"]
[Result "0-1"]
[WhiteElo "1308"]
[BlackElo "2293"]
[PlyCount "124"]
[EventDate "2021.09.28"]
[EventType "swiss (rapid)"]
[EventRounds "9"]
[EventCountry "CZE"]
[SourceTitle "CBM 204 Extra"]
[Source "ChessBase"]
[SourceDate "2021.11.30"]
[SourceVersion "1"]
[SourceVersionDate "2021.11.30"]
[SourceQuality "1"]

1. d4 Nf6 2. c4 e5 3. dxe5 Ng4 4. e3 Nxe5 5. b3 Bb4+ 6. Nd2 0-0 7. Be2 d5 8. cxd5 Qxd5 9. Ngf3 Nxf3+ 10. Bxf3 Qe5 11. Rb1 c6 12. 0-0 Bf5 13. Nc4 Qc7 14. Bb2 Nd7 15. Rc1 Rad8 16. Qe2 Nc5 17. e4 Rfe8 18. Bc3 Bxc3 19. Rxc3 Nxe4 20. Bxe4 Rxe4 21. Re3 Rxe3 22. Qxe3 b6 23. Re1 h6 24. h3 Be6 25. Qc3 Qf4 26. Qe5 Qxe5 27. Nxe5 c5 28. Re2 Bf5 29. Nc6 Rd1+ 30. Kh2 Be6 31. Nxa7 Kh7 32. Nb5 Rd7 33. Kg3 Kg6 34. f3 Rd3 35. Nc7 Bd7 36. Na6 Rd4 37. Nc7 b5 38. Na6 c4 39. Nc5 Bc6 40. bxc4 bxc4 41. Rc2 Kf6 42. a4 Ke5 43. a5 Kd6 44. Na6 Bb5 45. Nb4 Kc5 46. Na2 Ba4 47. Rc1 Bb3 48. Nc3 Rd8 49. a6 Kb4 50. Kf2 Ra8 51. Ke3 Rxa6 52. Nd5+ Kc5 53. Nc3 f5 54. g3 Rd6 55. g4 Rd3+ 56. Ke2 Kb4 57. Nb1 fxg4 58. hxg4 Rd7 59. Nc3 Ka3 60. Rd1 Bxd1+ 61. Nxd1 Rxd1 62. Kxd1 Kb2 0-1